|
|
|
|
| LEADER |
00000cam a2200000 c 4500 |
| 001 |
1611716683 |
| 003 |
DE-627 |
| 005 |
20251225194521.0 |
| 007 |
tu |
| 008 |
141104s2014 it ||||| 00| ||ita c |
| 020 |
|
|
|a 9788884435408
|c 12.00 EUR
|9 978-88-8443-540-8
|
| 035 |
|
|
|a (DE-627)1611716683
|
| 035 |
|
|
|a (DE-576)416496822
|
| 035 |
|
|
|a (DE-599)BSZ416496822
|
| 035 |
|
|
|a (OCoLC)888767228
|
| 035 |
|
|
|a (ZDB-21-EIL)2959890
|
| 040 |
|
|
|a DE-627
|b ger
|c DE-627
|e rakwb
|
| 041 |
|
|
|a ita
|
| 044 |
|
|
|c XA-IT
|
| 050 |
|
0 |
|a B
|
| 082 |
0 |
|
|a 728
|
| 084 |
|
|
|a 9,10
|a 1
|2 ssgn
|
| 100 |
1 |
|
|a Ballarè, Enrica
|4 aut
|
| 245 |
1 |
0 |
|a Casa Rosmini e Rovereto
|b note dal passato pensando a un museo futuro
|c Enrica Ballarè
|
| 264 |
|
1 |
|a Trento
|b Università degli Studi di Trento, Dipartimento di Lettere e Filosofia
|c 2014
|
| 300 |
|
|
|a 278 S.
|b zahlr. Ill.
|c 22 cm
|
| 336 |
|
|
|a Text
|b txt
|2 rdacontent
|
| 337 |
|
|
|a ohne Hilfsmittel zu benutzen
|b n
|2 rdamedia
|
| 338 |
|
|
|a Band
|b nc
|2 rdacarrier
|
| 490 |
1 |
|
|a Studi e ricerche
|v 6
|
| 500 |
|
|
|a Antonio Rosmini (1797-1855). - Rovereto, near Trento (Trentino Alto Adige). - Includes bibliographical references (p. [271]-278)
|
| 583 |
1 |
|
|a Archivierung/Langzeitarchivierung gewährleistet
|f SSG
|x XA-DE-BW
|2 pdager
|5 DE-16
|
| 689 |
0 |
0 |
|d p
|0 (DE-588)118602888
|0 (DE-627)134340922
|0 (DE-576)162789475
|2 gnd
|a Rosmini, Antonio
|d 1797-1855
|
| 689 |
0 |
1 |
|d g
|0 (DE-588)4076860-0
|0 (DE-627)10608173X
|0 (DE-576)209203285
|2 gnd
|a Rovereto
|
| 689 |
0 |
2 |
|d s
|0 (DE-588)4023693-6
|0 (DE-627)106302191
|0 (DE-576)208950974
|2 gnd
|a Haus
|
| 689 |
0 |
3 |
|d s
|0 (DE-588)4002851-3
|0 (DE-627)104280352
|0 (DE-576)208848975
|2 gnd
|a Architektur
|
| 689 |
0 |
4 |
|d s
|0 (DE-588)4138356-4
|0 (DE-627)105643300
|0 (DE-576)209685352
|2 gnd
|a Ausstattung
|
| 689 |
0 |
5 |
|q z
|2 gnd
|a Geschichte 1700-1850
|
| 689 |
0 |
|
|5 (DE-627)
|
| 810 |
2 |
|
|a Università degli studi di Trento
|b Facoltà di lettere e filosofia
|t Studi e ricerche
|v 6
|9 6
|w (DE-627)771248784
|w (DE-576)397081367
|w (DE-600)2741813-3
|7 am
|
| 856 |
4 |
2 |
|u https://swbplus.bsz-bw.de/bsz416496822inh.htm
|m B:DE-576;DE-16
|q application/pdf
|v 20141205160904
|x Verlag
|3 Inhaltsverzeichnis
|7 1
|
| 951 |
|
|
|a BO
|
| ELC |
|
|
|b 1
|
| ORI |
|
|
|a SA-MARC-ixtheo_oa001.raw
|
| REF |
|
|
|a Architekturgeschichte
|
| REL |
|
|
|a 1
|
| STA |
0 |
0 |
|a Architecture,Architecture,Furnishing,House,House,Residential building
|
| STB |
0 |
0 |
|a Architecture,Architecture,Décoration,Maison,Maison
|
| STC |
0 |
0 |
|a Arquitectura,Arquitectura,Casa,Casa,Decoración
|
| STD |
0 |
0 |
|a Architettura,Architettura,Arredamento,Decorazione,Dotazione,Decorazione,Dotazione,Casa,Casa
|
| STE |
0 |
0 |
|a 建筑,房屋,房子,设备
|
| STF |
0 |
0 |
|a 建築,房屋,房子,設備
|
| STG |
0 |
0 |
|a Arquitetura,Arquitetura,Casa,Casa,Decoração
|
| STH |
0 |
0 |
|a Архитектура (мотив),Архитектура,Дом (мотив),Дом,Обстановка (архитектура)
|
| STI |
0 |
0 |
|a Αρχιτεκτονική (μοτίβο),Αρχιτεκτονική,Εξοπλισμός,Διακόσμηση,Σπίτι (μοτίβο),Σπίτι
|
| SUB |
|
|
|a REL
|
| SYG |
0 |
0 |
|a Rosmini Serbati, Antonio,1797-1855,Rosmini, A.,1797-1855,Rosmini-Serbati, Antonio von,1797-1855,Rosmini-Serbati, Antoine,1797-1855,Serbati, Antonio R.,1797-1855,Serbati, Antonio Rosmini,1797-1855,Serbati, Antonio Rosmini-,1797-1855,Rosmini-Serbati, A.,1797-1855,Rosmini-Serbati, Antonio,1797-1855 , Rofreit,Rofereit,Rovoreit,Rovreit,Roveredo,Roboretum,Comune di Rovereto , Wohnbauten,Wohngebäude,Wohnhaus,Häuser , Baukunst , Einrichtung
|
| TIM |
|
|
|a 100017000101_100018501231
|b Geschichte 1700-1850
|